000 00260nam a2200109Ia 4500
008 230907s9999||||xx |||||||||||||| ||und||
082 _a720.472
_bBOE
245 0 _aEnergy performance of buildings :
260 _a2016
_bBK
_c0
300 _aLondon:
942 _cBK
999 _c597874
_d597874